| 000 | 00669nam a2200205 a 4500 | ||
|---|---|---|---|
| 005 | 20230131063601.0 | ||
| 008 | 011015s1997 r 000 0 eng d | ||
| 020 | _a002897381X (Obra completa) | ||
| 035 | _aUPN01000113040 | ||
| 049 | _aC | ||
| 050 | 4 |
_aQH540.4 _bM3.2 |
|
| 245 | 0 | 0 |
_aMacmillan encyclopedia of the environment / _ced. Stephen R. Kellert. |
| 260 |
_aNew York : _bMacmillan Library Reference , _c1997. |
||
| 300 | _a6 v. | ||
| 505 | 0 |
_gv.1 _tA-C -- _gv.2 _tD-F -- _gv.3 _tG-L -- _gv.4 _tM-P -- _gv.5 _tP-S -- _gv.6 _tT-Z |
|
| 650 | 4 |
_aECOLOGIA - _vDICCIONARIOS _914256 |
|
| 650 | 2 |
_aMedio ambiente _95286 |
|
| 700 | 1 |
_aKellert, Stephen R., _eed. |
|
| 905 | _aLibro | ||
| 999 |
_c86948 _d86948 |
||